000 01006nam a22003011c 4500
001 9783525350782-nbs
008 150126s2014 gw |||| 000u ger d
020 _a9783525350782
_9978-3-525-35078-2
041 _ager
100 1 _aHürtgen, Renate
245 0 0 _aAusreise per Antrag :
_bder lange Weg nach drüben ; eine Studie über Herrschaft und Alltag in der DDR-Provinz /
_cHürtgen, Renate
264 _aGöttingen [u.a.] :
_bVandenhoeck & Ruprecht,
_c2014
300 _a338 S.
650 0 _aLandkreis Halberstadt
650 0 _aHerrschaftssystem
650 0 _aAlltag
650 0 _aHerrschaftssystem
650 0 _aAlltag
650 0 _aAntragsteller
650 0 _aAusreise
651 0 _aDeutschland <DDR>
651 0 _aLandkreis Halberstadt
651 0 _a
942 _cMG
040 _cRU-10907106
003 RU-10907106
999 _c36970
_d36970
490 0 _aAnalysen und Dokumente / Bundesbeauftragte für die Unterlagen des Staatssicherheitsdienstes der Ehemaligen Deutschen Demokratischen Republik
_v36